| Record ID | ia:runspyrun0000simp |
| Source | Internet Archive |
| Download MARC XML | https://archive.org/download/runspyrun0000simp/runspyrun0000simp_marc.xml |
| Download MARC binary | https://www.archive.org/download/runspyrun0000simp/runspyrun0000simp_meta.mrc |
LEADER: 02104cam 2200529Ma 4500
001 ocn872710887
003 OCoLC
005 20200609071803.0
008 140113s2014 enka j 000 f eng d
040 $aUKMGB$beng$cUKMGB$dOCLCO$dSINLB$dOCLCO$dYDXCP$dOCLCF$dOCLCO$dOCLCQ$dATIOC$dOCLCQ$dOCLCO$dUKMGB$dOCL
015 $aGBB425233$2bnb
016 7 $a016643981$2Uk
020 $a9781445123882$q(pbk.)
020 $a1445123886$q(pbk.)
020 $z9781445123905 (ebook)
035 $a(OCoLC)872710887
082 04 $a823.92$223
100 1 $aSimpson, Craig,$d1962-$eauthor.
245 10 $aRun, spy, run! /$cCraig Simpson ; illustrated by Marc Olivent.
264 1 $aLondon :$bFranklin Watts,$c2014.
300 $a63 pages :$billustrations ;$c20 cm.
336 $atext$btxt$2rdacontent
337 $aunmediated$bn$2rdamedia
338 $avolume$bnc$2rdacarrier
490 0 $aWorld War Two short stories ;$v3
490 0 $aEdge
530 $aIssued also as an ebook.
520 $aIt is 1943. A British spy, Jacques, has photographs of secret German files that he must get back to Britain. As German forces close in, Jacques runs, hiding where he can, unable to trust anyone. He must find a way out of Occupied France and get the film to safety - at any cost. [from back cover].
650 0 $aWorld War, 1939-1945$vJuvenile fiction.
647 7 $aWorld War$d(1939-1945)$2fast$0(OCoLC)fst01180924
648 7 $a1939-1945$2fast
655 0 $aHigh interest-low vocabulary books.
655 0 $aChildren's stories.
655 7 $aFiction.$2fast$0(OCoLC)fst01423787
655 7 $aHigh interest-low vocabulary books.$2fast$0(OCoLC)fst01726639
655 7 $aJuvenile works.$2fast$0(OCoLC)fst01411637
700 1 $aOlivent, Marc,$eillustrator.
938 $aYBP Library Services$bYANK$n10355278
029 1 $aAU@$b000052763329
029 1 $aNZ1$b15377147
029 1 $aUKDEL$b134003063
029 1 $aUKDOR$b134003063
029 1 $aUNITY$b134003063
029 1 $aUKMGB$b016643981
029 1 $aAU@$b000061597593
994 $aZ0$bP4A
948 $hNO HOLDINGS IN P4A - 63 OTHER HOLDINGS